الفيلسوف الهندى محمد اقبال /
Saved in:
| Main Author: | |
|---|---|
| Format: | Thesis Book |
| Language: | Arabic |
| Published: |
al-Qahirah :
Jami'at al-Azhar,
1967
|
| Subjects: | |
| Tags: |
Add Tag
No Tags, Be the first to tag this record!
|
| LEADER | 01398nam0a22003250i04500 | ||
|---|---|---|---|
| 005 | 20231019105010.0 | ||
| 008 | 150826s1967 ua g m 000 0 ara d | ||
| 040 | |a UIAM |b eng | ||
| 041 | |a ara | ||
| 084 | |a BPB58.I7 | ||
| 100 | 1 | |a عبد الله، شركات | |
| 242 | 1 | 3 | |a al-Faylasuf al-hindi Muhammad Iqbal |
| 245 | 1 | 2 | |a الفيلسوف الهندى محمد اقبال / |c أعدها، شركات عبد الله ؛ تحت إشراف، محمد غلاب |
| 264 | 1 | |a al-Qahirah : |b Jami'at al-Azhar, |c 1967 | |
| 300 | |a 190 leaves ; |c 31 cm. | ||
| 336 | |a text |2 rdacontent | ||
| 337 | |a unmediated |2 rdamedia | ||
| 338 | |a volume |2 rdacarrier | ||
| 500 | |a "رسالة ماجستر" -- On title page. | ||
| 502 | |a Thesis (M.A.)--Jami'ah al-Azhar, 1967. | ||
| 504 | |a Includes bibliographical references. | ||
| 600 | 1 | 0 | |a Iqbal, Muhammad, |c Sir, |d 1877-1938 |9 37406 |
| 650 | 0 | |a Philosophers |z India |v Biography |9 581335 | |
| 650 | |a Muslims |z India |v Biography |9 96126 | ||
| 655 | 0 | |a Theses, Facsimile edition (Islamic) |9 22328 | |
| 700 | 1 | |a 'Abd Allah, Shirkat, |e author |9 581337 | |
| 710 | |a Jami'at al-Azhar. |b Kulliyat Usul al-Din |9 581336 | ||
| 900 | |a nan-rmd-nzj | ||
| 999 | |c 437847 |d 469839 | ||
| 952 | |0 0 |1 0 |2 ICSI |4 0 |6 TI B P B58 I00007 A00001 A00023F 01967 |7 3 |8 NONIIUMTHESIS |9 759287 |a IIiBFL |b IIiBFL |c THESIS |d 2023-09-29 |g 430.00 |o ti BPB 58 I7 A1 A23F 1967 |p 00011295623 |r 2018-08-01 |t 1 |v 430.00 |y THESIS | ||
